Loading...
| Literature - World | 0 | 7 | 0 | 0 | 70 | 35 | 82.29 | 0 | 5 | 25.48 | 44.09 |
| Literature - British | 0 | 6 | 1 | 0 | 55 | 47 | 71.33 | 3 | 5 | 28.10 | 46.36 |
| Literature - American | 0 | 4 | 0 | 0 | 40 | 69 | 85.50 | 0 | 3 | 14.40 | 23.18 |
| Literature - European | 0 | 3 | 0 | 0 | 30 | 75 | 105.33 | 1 | 2 | 7.11 | 22.05 |
| Fine Arts - Painting and Sculpture | 0 | 3 | 1 | 0 | 25 | 67 | 83.67 | 0 | 2 | 9.29 | 19.09 |
| Fine Arts - Classical Music | 0 | 2 | 0 | 0 | 20 | 99 | 103.00 | 0 | 1 | 2.56 | 9.09 |
| History - Other | 0 | 1 | 0 | 0 | 10 | 94 | 94.00 | 0 | 0 | 2.09 | 4.55 |
| Fine Arts - Other | 0 | 1 | 0 | 0 | 10 | 94 | 94.00 | 0 | 0 | 1.85 | 6.36 |
| Science - Other | 0 | 1 | 0 | 0 | 10 | 132 | 132.00 | 0 | 0 | 0.00 | 5.45 |
| Social Science | 0 | 1 | 0 | 0 | 10 | 79 | 79.00 | 0 | 0 | 3.16 | 6.36 |
| Popular Culture | 0 | 0 | 1 | 0 | -5 | 0.00 | 0 | 0 | 0.00 | 0.00 |